One Piece Theme Song We Are! Lyrics - Statistics

General Stats
  • This quiz has been taken 27 times
    24 since last reset
  • The average score is 111 of 215
Answer Stats
Answer % Correct
a
100%
we
89%
We
89%
on
83%
Are!
78%
are
78%
are!
78%
to
78%
and
72%
And
72%
All
67%
all
67%
dreams
67%
find
67%
I
67%
of
67%
Piece
67%
You
67%
you
67%
along
61%
bring
61%
Come
61%
come
61%
hopes
61%
just
61%
Just
61%
one
61%
One
61%
the
61%
will
61%
Will
61%
your
61%
Your
61%
be
56%
for
56%
Gold
56%
it
56%
king
56%
left
56%
looking
56%
me
56%
pirate
56%
pirates
56%
Roger
56%
That
56%
that
56%
together
56%
Together
56%
Wealth
56%
behind
50%
can
50%
ever
50%
everything
50%
fame
50%
have
50%
map
50%
my
50%
place
50%
power
50%
So
50%
want
50%
we're
50%
world
50%
aboard
44%
by
44%
Compass
44%
cruise!
44%
down
44%
end
44%
era
44%
had
44%
in
44%
is
44%
Is
44%
Know
44%
know
44%
like
44%
offer
44%
only
44%
reveals
44%
slow
44%
stand
44%
there
44%
this
44%
This
44%
treasure
44%
us
44%
you'll
44%
friend
39%
great
39%
guide
39%
heart
39%
helm
39%
It'll
39%
legendary
39%
men
39%
Raise
39%
real
39%
sails
39%
seas
39%
someone
39%
take
39%
Till
39%
countless
33%
else
33%
heartache
33%
Now
33%
obtained
33%
pain
33%
proves
33%
souls
33%
Through
33%
through
33%
board
28%
drove
28%
dying
28%
his
28%
If
28%
These
28%
time
28%
wanna
28%
words
28%
gathered
22%
grand
22%
known
22%
line
22%
lured
22%
always
17%
as
17%
room
17%
There's
17%
troubled
17%
dared
11%
imagine
11%
than
11%
greayer
6%
people
6%
pursuing
6%
No matching quizzes found
Score Distribution
Percent of People with Each Score
Percentile by Number Answered
Your Score History
You have not taken this quiz since the last reset